Lovers Rock - TV Girl Lyrics - Statistics

General Stats
  • This quiz has been taken 364 times
  • The average score is 186 of 248
Answer Stats
Lyrics % Correct
you
97%
You
97%
a
96%
I
95%
the
95%
to
95%
And
91%
be?
91%
if
91%
But
90%
of
89%
for
88%
like
88%
She
88%
she
88%
is
87%
might
87%
night
87%
your
87%
just
86%
kiss
86%
love
86%
stay
86%
music
85%
Who
85%
let
84%
drunk
83%
me?
83%
right
83%
too
83%
drive
82%
Are
81%
that
81%
you're
81%
pretty
80%
With
80%
with
80%
already
79%
boy
79%
end
79%
sick
79%
something
79%
Something
79%
Would
79%
Before
78%
song
78%
tell
77%
trying
77%
voice
77%
want
77%
have
74%
I'm
74%
said
73%
cigarette
70%
hand
69%
along
68%
lovers
68%
rock
68%
We
68%
sell
67%
Because
66%
grabs
66%
nothing
65%
drags
64%
burn
62%
it
61%
leave
61%
over
60%
closer
59%
listening
59%
little
58%
were
58%
this
57%
can
56%
Flip
56%
her
56%
In
56%
start
56%
record
53%
sit
53%
bedroom
52%
skips
51%
While
46%
talk
45%
alone
44%
others
44%
Do
41%
do
41%
No matching quizzes found
Score Distribution
Percent of People with Each Score
Percentile by Number Answered
Your Score History
You have not taken this quiz